El increíble mundo de Llanca

Furkejuvvon:
Bibliográfalaš dieđut
Váldodahkki: Morel Chaigneau, Alicia (autora)
Materiálatiipa: Girji
Giella:espánnjágiella
Almmustuhtton: Santiago Andrés Bello 1994
Ráidu:Gran Biblioteca Icarito
Fáttát:
Fáddágilkorat: Lasit fáddágilkoriid
Eai fáddágilkorat, Lasit vuosttaš fáddágilkora!

MARC

LEADER 00000nam a2200000 a 4500
001 UCG2530
003 CL-VaPUC
008 100708e19940000CL |||||||||||||||||spa|d
082 0 4 |a Ch863  |b MOR  |2 21 
100 |a Morel Chaigneau, Alicia  |e autora  |9 626523 
245 1 3 |a El increíble mundo de Llanca 
300 |a 95 p 
942 |c BK 
945 |d 20100708 00:00:00  |a mfarfan 
260 |a Santiago  |b Andrés Bello  |c 1994 
650 0 |a Cuentos infantiles chilenos   |9 308784 
650 0 |a Escritores chilenos   |9 420370 
583 |a last modification  |c 20100708 00:00:00  |k Rodrigo Vera 
490 0 |a Gran Biblioteca Icarito 
999 |c 341673  |d 341671